[Event "North American op 32nd"]
[Site "Las Vegas"]
[Date "2022.12.26"]
[Round "2"]
[White "Kaufman, Raymond"]
[Black "Chen, Tianjun"]
[Result "1-0"]
[WhiteElo "2174"]
[BlackElo "1475"]
[PlyCount "58"]
[EventDate "2022.12.26"]
[EventType "swiss"]
[EventRounds "9"]
[EventCountry "USA"]
[SourceTitle "CBM 211 Extra"]
[Source "ChessBase"]
[SourceDate "2023.01.31"]
[SourceVersion "1"]
[SourceVersionDate "2023.01.31"]
[SourceQuality "1"]

1. d4 Nf6 2. Bf4 e6 3. e3 d5 4. c4 Bd6 5. Bg5 b6 6. Nc3 Bb7 7. cxd5 exd5 8. Bd3 h6 9. Bh4 0-0 10. Nge2 Nbd7 11. Qc2 a6 12. Bf5 Be7 13. 0-0 c5 14. dxc5 bxc5 15. Rad1 g6 16. Bxg6 fxg6 17. Qxg6+ Kh8 18. Nf4 Rg8 19. Qxh6+ Nh7 20. Bxe7 Qxe7 21. Ncxd5 Qe4 22. f3 Qc2 23. Ne7 Ne5 24. Qe6 Nxf3+ 25. Kh1 Nh4 26. Rd2 Bxg2+ 27. Nxg2 Qxd2 28. Nxh4 Raf8 29. Nhg6+ Kg7 1-0